000
00202nam a22000857a 4500
008
170116b xxu||||| |||| 00| 0 eng d
100
_9
2417
_a
Biswas.S
245
_a
Humpty Dupty
260
_a
New Delhi
_b
AP
_c
2010
999
_c
5456
_d
5456